000 00468nam a2200121Ia 4500
008 171212s9999 xx 000 0 und d
020 _a9780833049674
100 _aPaul, Christopher;Clarke, Colin P.;Grill, Beth
245 _cPaul, Christopher;Clarke, Colin P.;Grill, Beth
_aVictory Has a Thousand Fathers
_bDetailed Counterinsurgency Case Studies
260 _bRAND Corporation
_c2010
650 _aPolitical Science
856 _uwww.jstor.org/stable/10.7249/mg964-1osd
999 _c352801
_d352801